Camden v leaseholders of flats on Grafton Way (Record no. 80538)

MARC details
000 -LEADER
fixed length control field 01955cad a22002415a 4500
001 - CONTROL NUMBER
control field L144660
008 - FIXED-LENGTH DATA ELEMENTS--GENERAL INFORMATION
fixed length control field 080804e20080630xxk v 000 0 eng d
035 ## - SYSTEM CONTROL NUMBER
System control number (Sirsi) u144660
041 0# - LANGUAGE CODE
Language code of text/sound track or separate title eng
245 00 - TITLE STATEMENT
Title Camden v leaseholders of flats on Grafton Way
Medium [electronic resource]
520 ## - SUMMARY, ETC.
Summary, etc. [2008] EWLands LRX_185_2006, 30 June 2008. Case is of importance as it shows that residential service charges may not be recovered in cases where the correct procedures have not been followed. Camden owned two blocks of flats and consulted on proposed works to improve them in 2003-2004. The works were completed in 2006 and they tried to claim £504 000 in service charges from the residents; while the Leasehold Valuation Tribunal said that they were only entitled to £9 250, or £250 per flat as it failed to comply with the requirements of the Landlord and tenant Act 1985 as regards notification. Appeal dismissed: Lands Tribunal agreed that the main issue was whether prejudice had been suffered by tenants because of a failure to comply with the compensation requirements. The Tribunal found that the failure of Camden to provide information relating to the works (specifically estimates), was a gross error that prejudiced the tenants severely and impacted upon their basic rights to consultation.
590 ## - LOCAL NOTE (RLIN)
Local note KA
650 24 - SUBJECT ADDED ENTRY--TOPICAL TERM
Topical term or geographic name entry element CAMDEN V LEASEHOLDERS OF FLATS ON GRAFTON WAY
650 24 - SUBJECT ADDED ENTRY--TOPICAL TERM
Topical term or geographic name entry element AUGER & ORS V LONDON BOROUGH OF CAMDEN
650 24 - SUBJECT ADDED ENTRY--TOPICAL TERM
Topical term or geographic name entry element ELTHAM PROPERTIES LTD V KENNY & OTHERS
650 24 - SUBJECT ADDED ENTRY--TOPICAL TERM
Topical term or geographic name entry element LANDLORD AND TENANT ACT 1985
650 24 - SUBJECT ADDED ENTRY--TOPICAL TERM
Topical term or geographic name entry element SERVICE CHARGES (CONSULTATION REQUIREMENTS) (ENGLAND) REGULATIONS 2003
650 24 - SUBJECT ADDED ENTRY--TOPICAL TERM
Topical term or geographic name entry element WELLCOME TRUST LTD V ROMINES
651 #4 - SUBJECT ADDED ENTRY--GEOGRAPHIC NAME
Geographic name England and Wales
Chronological subdivision 1543-
690 ## - LOCAL SUBJECT ADDED ENTRY--TOPICAL TERM (OCLC, RLIN)
Topical term or geographic name as entry element PROPERTY-COMMERCIAL PROPERTY-COMMERCIAL LANDLORD AND TENANT-COMMERCIAL SERVICE CHARGES
856 40 - ELECTRONIC LOCATION AND ACCESS
Uniform Resource Identifier <a href="https://www.bailii.org/ew/cases/EWLands/2008/LRX_185_2006.html">https://www.bailii.org/ew/cases/EWLands/2008/LRX_185_2006.html</a>
Public note View the item free of charge online at www.bailii.org...
942 ## - ADDED ENTRY ELEMENTS (KOHA)
Suppress in OPAC 0
Holdings
Withdrawn status Lost status Source of classification or shelving scheme Damaged status Not for loan Home library Current library Shelving location Date acquired Total Checkouts Full call number Barcode Date last seen Copy number Price effective from Koha item type
    Dewey Decimal Classification     Virtual Virtual Online 04/08/2008   ONLINE PUBLICATION 144660-1001 06/08/2019 1 06/08/2019 Law report